[Event "DVM U10 2023"]
[Site "Magdeburg GER"]
[Date "2023.12.28"]
[Round "5"]
[White "Horras, Jonathan"]
[Black "Hendler, Felicitas"]
[Result "1-0"]
[Termination "normal"]
[Board "1.4"]
[WhiteElo "1109"]
[BlackElo "1408"]
[WhiteClock "00:31:45"]
[BlackClock "00:37:40"]
[WhiteTeam "SK Zehlendorf"]
[BlackTeam "SF Brackel 1930"]
[PlyCount "101"]
[WhiteFideId "34681990"]
[BlackFideId "34616519"]
[EventCountry "GER"]
[EventRounds "7"]
[EventType "team-swiss"]
[EventDate "2023.12.27"]

1. e4 {[%clk 00:55:10]} {[%emt 01:14:51]} c5 {[%clk 00:55:01]} {[%emt
00:00:10]} 2. Nf3 {[%clk 00:55:09]} {[%emt 00:00:07]} d6 {[%clk 00:54:56]}
{[%emt 00:00:10]} 3. d4 {[%clk 00:55:08]} {[%emt 00:00:06]} cxd4 {[%clk
00:54:51]} {[%emt 00:00:10]} 4. Qxd4 {[%clk 00:55:06]} {[%emt 00:00:06]} Nc6
{[%clk 00:54:48]} {[%emt 00:00:08]} 5. Bb5 {[%clk 00:54:54]} {[%emt 00:00:17]}
Bd7 {[%clk 00:54:42]} {[%emt 00:00:11]} 6. Bxc6 {[%clk 00:54:49]} {[%emt
00:00:10]} Bxc6 {[%clk 00:54:42]} {[%emt 00:00:06]} 7. Nc3 {[%clk 00:54:38]}
{[%emt 00:00:16]} Nf6 {[%clk 00:54:44]} {[%emt 00:00:03]} 8. Be3 {[%clk
00:54:24]} {[%emt 00:00:19]} g6 {[%clk 00:54:28]} {[%emt 00:00:21]} 9. O-O
{[%clk 00:54:06]} {[%emt 00:00:23]} Bg7 {[%clk 00:54:26]} {[%emt 00:00:06]} 10.
Qd3 {[%clk 00:53:40]} {[%emt 00:00:31]} a6 {[%clk 00:54:03]} {[%emt 00:00:28]}
11. Nd4 {[%clk 00:52:34]} {[%emt 00:01:11]} O-O {[%clk 00:53:52]} {[%emt
00:00:17]} 12. Nxc6 {[%clk 00:51:51]} {[%emt 00:00:48]} bxc6 {[%clk 00:53:44]}
{[%emt 00:00:12]} 13. h3 {[%clk 00:51:34]} {[%emt 00:00:22]} Rb8 {[%clk
00:53:35]} {[%emt 00:00:15]} 14. Rab1 {[%clk 00:50:50]} {[%emt 00:00:48]} c5
{[%clk 00:53:10]} {[%emt 00:00:30]} 15. Qxa6 {[%clk 00:49:24]} {[%emt
00:01:32]} Qb6 {[%clk 00:52:16]} {[%emt 00:00:59]} 16. Qxb6 {[%clk 00:48:50]}
{[%emt 00:00:38]} Rxb6 {[%clk 00:52:15]} {[%emt 00:00:07]} 17. f3 {[%clk
00:48:23]} {[%emt 00:00:31]} Rfb8 {[%clk 00:52:01]} {[%emt 00:00:19]} 18. b3
{[%clk 00:47:23]} {[%emt 00:01:05]} h5 {[%clk 00:48:29]} {[%emt 00:03:37]} 19.
Nd5 {[%clk 00:45:44]} {[%emt 00:01:44]} Nxd5 {[%clk 00:48:03]} {[%emt
00:00:31]} 20. exd5 {[%clk 00:45:40]} {[%emt 00:00:09]} Rc8 {[%clk 00:46:49]}
{[%emt 00:01:20]} 21. Rfe1 {[%clk 00:44:52]} {[%emt 00:00:33]} Rb7 {[%clk
00:46:29]} {[%emt 00:00:44]} 22. Bg5 {[%clk 00:43:22]} {[%emt 00:01:35]} Bf6
{[%clk 00:45:10]} {[%emt 00:01:24]} 23. Bxf6 {[%clk 00:43:12]} {[%emt
00:00:15]} exf6 {[%clk 00:45:09]} {[%emt 00:00:05]} 24. Re3 {[%clk 00:42:39]}
{[%emt 00:00:36]} c4 {[%clk 00:45:00]} {[%emt 00:00:17]} 25. Rbe1 {[%clk
00:42:02]} {[%emt 00:00:41]} cxb3 {[%clk 00:44:40]} {[%emt 00:00:25]} 26. Re8+
{[%clk 00:40:47]} {[%emt 00:01:20]} Rxe8 {[%clk 00:44:26]} {[%emt 00:00:19]}
27. Rxe8+ {[%clk 00:40:44]} {[%emt 00:00:09]} Kg7 {[%clk 00:44:24]} {[%emt
00:00:06]} 28. cxb3 {[%clk 00:40:28]} {[%emt 00:00:22]} Ra7 {[%clk 00:44:14]}
{[%emt 00:00:15]} 29. Re2 {[%clk 00:40:16]} {[%emt 00:00:17]} Ra5 {[%clk
00:44:02]} {[%emt 00:00:17]} 30. Rd2 {[%clk 00:40:08]} {[%emt 00:00:12]} Kf8
{[%clk 00:43:31]} {[%emt 00:00:36]} 31. Kf2 {[%clk 00:39:33]} {[%emt 00:00:39]}
Ke8 {[%clk 00:43:27]} {[%emt 00:00:10]} 32. b4 {[%clk 00:39:03]} {[%emt
00:00:35]} Ra4 {[%clk 00:43:00]} {[%emt 00:00:33]} 33. Rb2 {[%clk 00:38:30]}
{[%emt 00:00:38]} Kd7 {[%clk 00:42:55]} {[%emt 00:00:09]} 34. Ke3 {[%clk
00:38:04]} {[%emt 00:00:31]} Kc7 {[%clk 00:42:47]} {[%emt 00:00:14]} 35. Kd4
{[%clk 00:37:40]} {[%emt 00:00:28]} Kb6 {[%clk 00:42:39]} {[%emt 00:00:13]} 36.
Kc4 {[%clk 00:37:26]} {[%emt 00:00:19]} f5 {[%clk 00:42:07]} {[%emt 00:00:37]}
37. Kb3 {[%clk 00:37:05]} {[%emt 00:00:26]} Kb5 {[%clk 00:42:02]} {[%emt
00:00:11]} 38. a3 {[%clk 00:37:03]} {[%emt 00:00:07]} g5 {[%clk 00:41:43]}
{[%emt 00:00:23]} 39. Rc2 {[%clk 00:36:45]} {[%emt 00:00:23]} g4 {[%clk
00:41:25]} {[%emt 00:00:23]} 40. hxg4 {[%clk 00:36:38]} {[%emt 00:00:13]} hxg4
{[%clk 00:41:10]} {[%emt 00:00:19]} 41. f4 {[%clk 00:36:32]} {[%emt 00:00:11]}
Ra7 {[%clk 00:40:48]} {[%emt 00:00:28]} 42. Rc8 {[%clk 00:36:03]} {[%emt
00:00:34]} Rb7 {[%clk 00:40:03]} {[%emt 00:00:49]} 43. Rd8 {[%clk 00:35:48]}
{[%emt 00:00:20]} Rb6 {[%clk 00:40:00]} {[%emt 00:00:09]} 44. Rd7 {[%clk
00:35:32]} {[%emt 00:00:21]} Rb8 {[%clk 00:39:26]} {[%emt 00:00:39]} 45. Rxf7
{[%clk 00:35:19]} {[%emt 00:00:17]} Rb6 {[%clk 00:38:12]} {[%emt 00:01:21]} 46.
Rxf5 {[%clk 00:35:12]} {[%emt 00:00:12]} Ra6 {[%clk 00:38:06]} {[%emt
00:00:11]} 47. Rf8 {[%clk 00:34:49]} {[%emt 00:00:27]} Ra7 {[%clk 00:37:55]}
{[%emt 00:00:16]} 48. Rb8+ {[%emt 00:00:53]} Ka6 {[%emt 00:00:08]} 49. a4
{[%clk 00:33:28]} {[%emt 00:00:25]} Rf7 {[%clk 00:37:45]} {[%emt 00:00:15]} 50.
b5+ {[%clk 00:32:20]} {[%emt 00:01:14]} Ka5 {[%clk 00:37:40]} {[%emt 00:00:09]}
51. b6 {[%clk 00:31:45]} {[%emt 00:00:40]} 1-0

[Event "DVM U10 2023"]
[Site "Magdeburg GER"]
[Date "2023.12.28"]
[Round "5"]
[White "Sauer, Ben"]
[Black "Shen, Tingrui"]
[Result "0-1"]
[Termination "normal"]
[Board "2.1"]
[WhiteElo "1429"]
[BlackElo "1884"]
[WhiteClock "00:27:27"]
[BlackClock "00:31:33"]
[WhiteTeam "Schachzentrum Bemerode"]
[BlackTeam "TV Tegernsee"]
[PlyCount "60"]
[WhiteFideId "34606866"]
[BlackFideId "34603441"]
[EventCountry "GER"]
[EventRounds "7"]
[EventType "team-swiss"]
[EventDate "2023.12.27"]

1. e4 {[%clk 00:55:08]} {[%emt 00:00:02]} c5 {[%clk 00:54:51]} {[%emt
00:00:20]} 2. Nf3 {[%clk 00:55:01]} {[%emt 00:00:11]} Nc6 {[%clk 00:54:44]}
{[%emt 00:00:13]} 3. d4 {[%clk 00:55:01]} {[%emt 00:00:05]} cxd4 {[%clk
00:54:25]} {[%emt 00:00:24]} 4. Nxd4 {[%clk 00:54:51]} {[%emt 00:00:15]} g6
{[%clk 00:54:20]} {[%emt 00:00:10]} 5. Nc3 {[%clk 00:54:24]} {[%emt 00:00:32]}
Bg7 {[%clk 00:54:00]} {[%emt 00:00:25]} 6. Be3 {[%clk 00:53:51]} {[%emt
00:00:38]} Nf6 {[%clk 00:53:52]} {[%emt 00:00:13]} 7. Qd2 {[%clk 00:53:23]}
{[%emt 00:00:33]} O-O {[%clk 00:53:36]} {[%emt 00:00:20]} 8. O-O-O {[%clk
00:53:03]} {[%emt 00:00:26]} d6 {[%clk 00:50:28]} {[%emt 00:03:12]} 9. f3
{[%clk 00:51:38]} {[%emt 00:01:30]} Bd7 {[%clk 00:50:17]} {[%emt 00:00:16]} 10.
g4 {[%clk 00:50:08]} {[%emt 00:01:35]} Rc8 {[%clk 00:49:41]} {[%emt 00:00:41]}
11. Bh6 {[%clk 00:49:04]} {[%emt 00:01:10]} Nxd4 {[%clk 00:49:16]} {[%emt
00:00:30]} 12. Bxg7 {[%clk 00:47:06]} {[%emt 00:02:01]} Nxf3 {[%clk 00:49:11]}
{[%emt 00:00:11]} 13. Qe3 {[%clk 00:43:44]} {[%emt 00:03:27]} Nxg4 {[%clk
00:48:24]} {[%emt 00:00:53]} 14. Qxf3 {[%clk 00:43:07]} {[%emt 00:00:41]} Kxg7
{[%clk 00:48:20]} {[%emt 00:00:09]} 15. h3 {[%clk 00:40:20]} {[%emt 00:02:52]}
Ne5 {[%clk 00:48:13]} {[%emt 00:00:13]} 16. Qg3 {[%clk 00:36:43]} {[%emt
00:03:41]} Qa5 {[%clk 00:47:10]} {[%emt 00:01:08]} 17. a3 {[%clk 00:35:10]}
{[%emt 00:01:39]} b5 {[%clk 00:38:27]} {[%emt 00:08:47]} 18. Rh2 {[%clk
00:32:09]} {[%emt 00:03:06]} b4 {[%clk 00:37:47]} {[%emt 00:00:46]} 19. Nb1
{[%clk 00:31:33]} {[%emt 00:00:40]} Ba4 {[%clk 00:36:33]} {[%emt 00:01:19]} 20.
Rdd2 {[%clk 00:30:33]} {[%emt 00:01:05]} Bc6 {[%clk 00:34:39]} {[%emt
00:01:59]} 21. Qe3 {[%clk 00:30:03]} {[%emt 00:00:35]} bxa3 {[%clk 00:33:41]}
{[%emt 00:01:03]} 22. Nxa3 {[%clk 00:29:47]} {[%emt 00:00:22]} Qc5 {[%clk
00:33:09]} {[%emt 00:00:35]} 23. Qxc5 {[%clk 00:29:23]} {[%emt 00:00:29]} dxc5
{[%clk 00:33:07]} {[%emt 00:00:08]} 24. Nc4 {[%clk 00:28:50]} {[%emt 00:00:38]}
Nf3 {[%clk 00:33:02]} {[%emt 00:00:10]} 25. Rhf2 {[%clk 00:28:08]} {[%emt
00:00:48]} Nxd2 {[%clk 00:32:56]} {[%emt 00:00:11]} 26. Rxd2 {[%clk 00:28:07]}
{[%emt 00:00:05]} Rfd8 {[%clk 00:32:40]} {[%emt 00:00:21]} 27. Rxd8 {[%clk
00:27:43]} {[%emt 00:00:29]} Rxd8 {[%clk 00:32:39]} {[%emt 00:00:07]} 28. Bd3
{[%clk 00:27:34]} {[%emt 00:00:14]} Bb5 {[%clk 00:32:24]} {[%emt 00:00:20]} 29.
b3 {[%clk 00:27:24]} {[%emt 00:00:14]} Bxc4 {[%clk 00:32:17]} {[%emt 00:00:13]}
30. Bxc4 {[%clk 00:27:27]} f5 {[%clk 00:31:33]} {[%emt 00:00:49]} 0-1

[Event "DVM U10 2023"]
[Site "Magdeburg GER"]
[Date "2023.12.28"]
[Round "5"]
[White "Lange, Fynn Jeremy"]
[Black "Schäfer, Amadeus"]
[Result "1/2-1/2"]
[Termination "normal"]
[Board "2.2"]
[WhiteElo "1603"]
[BlackElo "1432"]
[WhiteClock "00:13:04"]
[BlackClock "00:10:50"]
[WhiteTeam "TV Tegernsee"]
[BlackTeam "Schachzentrum Bemerode"]
[PlyCount "80"]
[WhiteFideId "34616365"]
[BlackFideId "34660585"]
[EventCountry "GER"]
[EventRounds "7"]
[EventType "team-swiss"]
[EventDate "2023.12.27"]

1. c4 {[%clk 00:54:55]} {[%emt 00:00:14]} Nf6 {[%clk 00:55:01]} {[%emt
00:00:10]} 2. g3 {[%clk 00:54:24]} {[%emt 00:00:36]} e6 {[%clk 00:54:36]}
{[%emt 00:00:31]} 3. Bg2 {[%clk 00:54:09]} {[%emt 00:00:19]} d5 {[%clk
00:54:23]} {[%emt 00:00:20]} 4. Nf3 {[%clk 00:53:25]} {[%emt 00:00:48]} Bd6
{[%clk 00:54:10]} {[%emt 00:00:17]} 5. O-O {[%clk 00:52:37]} {[%emt 00:00:53]}
O-O {[%clk 00:54:01]} {[%emt 00:00:14]} 6. b3 {[%clk 00:51:55]} {[%emt
00:00:48]} c6 {[%clk 00:53:21]} {[%emt 00:00:43]} 7. Bb2 {[%clk 00:51:14]}
{[%emt 00:00:47]} Nbd7 {[%clk 00:52:31]} {[%emt 00:00:54]} 8. d4 {[%clk
00:50:09]} {[%emt 00:01:11]} b6 {[%clk 00:51:28]} {[%emt 00:01:09]} 9. Nc3
{[%clk 00:49:49]} {[%emt 00:00:25]} Bb7 {[%clk 00:50:51]} {[%emt 00:00:41]} 10.
Qc2 {[%clk 00:49:11]} {[%emt 00:00:43]} Rc8 {[%clk 00:49:42]} {[%emt 00:01:14]}
11. e4 {[%clk 00:48:43]} {[%emt 00:00:33]} dxe4 {[%clk 00:48:54]} {[%emt
00:00:53]} 12. Nxe4 {[%clk 00:48:38]} {[%emt 00:00:11]} Nxe4 {[%clk 00:48:27]}
{[%emt 00:00:31]} 13. Qxe4 {[%clk 00:48:40]} {[%emt 00:00:04]} Nf6 {[%clk
00:47:59]} {[%emt 00:00:32]} 14. Qe2 {[%clk 00:47:29]} {[%emt 00:01:04]} Re8
{[%clk 00:46:43]} {[%emt 00:01:33]} 15. Rfd1 {[%clk 00:46:54]} {[%emt
00:00:33]} Nd7 {[%clk 00:42:50]} {[%emt 00:04:05]} 16. Qc2 {[%clk 00:46:05]}
{[%emt 00:00:54]} Qc7 {[%clk 00:40:52]} {[%emt 00:02:03]} 17. Rac1 {[%clk
00:40:51]} {[%emt 00:05:20]} h6 {[%clk 00:35:53]} {[%emt 00:05:04]} 18. Qd2
{[%clk 00:36:31]} {[%emt 00:04:24]} Red8 {[%clk 00:33:25]} {[%emt 00:02:33]}
19. b4 {[%clk 00:30:39]} {[%emt 00:05:58]} Nf8 {[%clk 00:24:36]} {[%emt
00:08:53]} 20. Qc3 {[%clk 00:29:36]} {[%emt 00:01:08]} f6 {[%clk 00:23:50]}
{[%emt 00:00:52]} 21. Re1 {[%clk 00:29:14]} {[%emt 00:00:26]} c5 {[%clk
00:23:01]} {[%emt 00:00:55]} 22. a3 {[%clk 00:27:30]} {[%emt 00:01:50]} Qe7
{[%clk 00:22:32]} {[%emt 00:00:32]} 23. dxc5 {[%clk 00:25:11]} {[%emt
00:02:25]} bxc5 {[%clk 00:22:10]} {[%emt 00:00:26]} 24. b5 {[%clk 00:25:05]}
{[%emt 00:00:12]} e5 {[%clk 00:21:30]} {[%emt 00:00:44]} 25. Nh4 {[%clk
00:23:26]} {[%emt 00:01:44]} Bxg2 {[%clk 00:20:20]} {[%emt 00:01:16]} 26. Nxg2
{[%clk 00:23:20]} {[%emt 00:00:11]} Ne6 {[%clk 00:19:56]} {[%emt 00:00:28]} 27.
Ne3 {[%clk 00:22:00]} {[%emt 00:01:21]} Nd4 {[%clk 00:19:04]} {[%emt 00:01:01]}
28. Nd5 {[%clk 00:21:29]} {[%emt 00:00:36]} Qb7 {[%clk 00:18:36]} {[%emt
00:00:29]} 29. Qd3 {[%clk 00:20:42]} {[%emt 00:00:57]} Kf7 {[%clk 00:17:11]}
{[%emt 00:01:25]} 30. Bxd4 {[%clk 00:20:15]} {[%emt 00:00:36]} exd4 {[%clk
00:16:45]} {[%emt 00:00:31]} 31. Qf5 {[%clk 00:19:10]} {[%emt 00:01:10]} Re8
{[%clk 00:15:27]} {[%emt 00:01:23]} 32. Qh5+ {[%clk 00:18:54]} {[%emt
00:00:21]} Kf8 {[%clk 00:15:00]} {[%emt 00:00:32]} 33. Qg6 {[%clk 00:18:21]}
{[%emt 00:00:38]} Qf7 {[%clk 00:14:33]} {[%emt 00:00:29]} 34. Qd3 {[%clk
00:17:04]} {[%emt 00:01:22]} Qb7 {[%clk 00:14:12]} {[%emt 00:00:26]} 35. Qh7
{[%clk 00:16:39]} {[%emt 00:00:34]} Qf7 {[%clk 00:13:51]} {[%emt 00:00:24]} 36.
a4 {[%clk 00:15:56]} {[%emt 00:00:50]} Qg8 {[%clk 00:13:11]} {[%emt 00:00:40]}
37. Qf5 {[%clk 00:15:49]} {[%emt 00:00:16]} Qf7 {[%clk 00:12:37]} {[%emt
00:00:39]} 38. a5 {[%clk 00:14:09]} {[%emt 00:01:45]} Kg8 {[%clk 00:11:37]}
{[%emt 00:01:05]} 39. b6 {[%clk 00:13:09]} {[%emt 00:01:06]} axb6 {[%clk
00:11:12]} {[%emt 00:00:30]} 40. axb6 {[%clk 00:13:04]} {[%emt 00:00:10]} Rb8
{[%clk 00:10:50]} {[%emt 00:00:27]} 1/2-1/2

[Event "DVM U10 2023"]
[Site "Magdeburg GER"]
[Date "2023.12.28"]
[Round "5"]
[White "Danisch, Bennett Laif"]
[Black "Hagn, Tobias"]
[Result "0-1"]
[Termination "normal"]
[Board "2.3"]
[WhiteElo "947"]
[BlackElo "1385"]
[WhiteClock "00:25:22"]
[BlackClock "00:03:27"]
[WhiteTeam "Schachzentrum Bemerode"]
[BlackTeam "TV Tegernsee"]
[PlyCount "100"]
[WhiteFideId "34686118"]
[BlackFideId "34623728"]
[EventCountry "GER"]
[EventRounds "7"]
[EventType "team-swiss"]
[EventDate "2023.12.27"]

1. e4 {[%clk 00:55:09]} {[%emt 02:17:30]} e5 {[%clk 00:55:03]} {[%emt
00:00:07]} 2. Nf3 {[%emt 00:00:13]} Nc6 {[%clk 00:55:01]} 3. Nc3 {[%clk
00:55:09]} Nf6 {[%clk 00:54:45]} {[%emt 00:00:26]} 4. Bb5 {[%clk 00:55:03]}
{[%emt 00:00:55]} d6 5. d4 {[%emt 00:00:16]} exd4 {[%clk 00:52:47]} {[%emt
00:01:13]} 6. Nxd4 {[%clk 00:54:59]} Bd7 {[%clk 00:52:25]} {[%emt 00:00:34]} 7.
Nxc6 {[%emt 00:01:07]} bxc6 {[%clk 00:51:40]} {[%emt 00:00:10]} 8. Bd3 {[%emt
00:01:30]} g6 {[%clk 00:50:33]} {[%emt 00:00:09]} 9. O-O {[%clk 00:54:09]}
{[%emt 00:00:12]} Bg7 {[%clk 00:50:27]} {[%emt 00:00:12]} 10. Bg5 {[%clk
00:54:04]} {[%emt 00:00:10]} O-O {[%clk 00:49:15]} {[%emt 00:01:16]} 11. Re1
{[%clk 00:53:56]} {[%emt 00:00:13]} Re8 {[%clk 00:47:01]} {[%emt 00:02:19]} 12.
h3 {[%clk 00:52:57]} {[%emt 00:01:03]} Qb8 {[%clk 00:44:11]} {[%emt 00:02:58]}
13. Rb1 {[%clk 00:51:38]} {[%emt 00:01:23]} Qb6 {[%clk 00:40:00]} {[%emt
00:04:16]} 14. Qf3 {[%clk 00:49:25]} {[%emt 00:02:14]} Qd4 {[%clk 00:33:46]}
{[%emt 00:06:23]} 15. Be3 {[%clk 00:43:08]} {[%emt 00:06:22]} Qe5 {[%clk
00:31:59]} {[%emt 00:01:52]} 16. Bf4 {[%clk 00:42:33]} {[%emt 00:00:40]} Qh5
{[%clk 00:28:56]} {[%emt 00:03:08]} 17. Qxh5 {[%clk 00:41:05]} {[%emt
00:01:32]} Nxh5 {[%clk 00:28:28]} {[%emt 00:00:34]} 18. Be3 {[%clk 00:40:59]}
{[%emt 00:00:10]} Be5 {[%clk 00:26:03]} {[%emt 00:02:30]} 19. Bc4 {[%clk
00:37:27]} {[%emt 00:03:38]} Nf6 {[%clk 00:22:53]} {[%emt 00:03:15]} 20. Ne2
{[%clk 00:35:50]} {[%emt 00:01:42]} Nxe4 {[%clk 00:17:20]} {[%emt 00:05:38]}
21. Bd3 {[%clk 00:34:27]} {[%emt 00:01:26]} Bg7 {[%clk 00:16:13]} {[%emt
00:01:13]} 22. f3 {[%clk 00:33:44]} {[%emt 00:00:49]} Nf6 {[%clk 00:14:55]}
{[%emt 00:01:23]} 23. Nd4 {[%clk 00:33:19]} {[%emt 00:00:29]} Nd5 {[%clk
00:13:06]} {[%emt 00:01:55]} 24. Bf2 {[%clk 00:32:04]} {[%emt 00:01:20]} Rxe1+
{[%clk 00:11:57]} {[%emt 00:01:14]} 25. Rxe1 {[%clk 00:31:56]} {[%emt
00:00:12]} c5 {[%clk 00:11:44]} {[%emt 00:00:19]} 26. Nb3 {[%clk 00:31:24]}
{[%emt 00:00:37]} Bxb2 {[%clk 00:11:14]} {[%emt 00:00:35]} 27. Be4 {[%clk
00:31:17]} {[%emt 00:00:11]} c6 {[%clk 00:11:00]} {[%emt 00:00:19]} 28. Rd1
{[%clk 00:31:00]} {[%emt 00:00:22]} Be6 {[%clk 00:09:37]} {[%emt 00:01:28]} 29.
Na5 {[%clk 00:29:59]} {[%emt 00:01:06]} Rc8 {[%clk 00:08:15]} {[%emt 00:01:27]}
30. Rb1 {[%clk 00:29:40]} {[%emt 00:00:24]} Be5 {[%clk 00:07:09]} {[%emt
00:01:12]} 31. Rb7 {[%clk 00:29:21]} {[%emt 00:00:23]} Nb4 {[%clk 00:05:50]}
{[%emt 00:01:25]} 32. a3 {[%clk 00:28:59]} {[%emt 00:00:26]} d5 {[%clk
00:04:51]} {[%emt 00:01:05]} 33. axb4 {[%emt 00:00:44]} dxe4 {[%clk 00:04:51]}
{[%emt 00:00:03]} 34. fxe4 {[%clk 00:28:08]} {[%emt 00:00:17]} cxb4 {[%clk
00:04:55]} {[%emt 00:00:03]} 35. Rxb4 {[%clk 00:28:00]} {[%emt 00:00:12]} Bc3
{[%clk 00:04:57]} {[%emt 00:00:03]} 36. Ra4 {[%clk 00:27:46]} {[%emt 00:00:20]}
Bxa5 {[%clk 00:04:09]} {[%emt 00:00:53]} 37. Rxa5 {[%clk 00:27:40]} {[%emt
00:00:10]} Rd8 {[%clk 00:04:02]} {[%emt 00:00:13]} 38. Rxa7 {[%clk 00:27:04]}
{[%emt 00:00:41]} Rd1+ {[%clk 00:04:05]} {[%emt 00:00:02]} 39. Kh2 {[%clk
00:27:00]} {[%emt 00:00:09]} Rd2 {[%clk 00:04:07]} {[%emt 00:00:03]} 40. Ra8+
{[%clk 00:26:46]} {[%emt 00:00:18]} Kg7 {[%clk 00:04:09]} {[%emt 00:00:03]} 41.
Ra6 {[%clk 00:26:22]} {[%emt 00:00:29]} Rxf2 {[%clk 00:04:09]} {[%emt
00:00:06]} 42. c3 {[%clk 00:26:11]} {[%emt 00:00:15]} Re2 {[%clk 00:04:07]}
{[%emt 00:00:07]} 43. Ra4 {[%clk 00:26:02]} {[%emt 00:00:14]} Re3 {[%clk
00:04:07]} {[%emt 00:00:06]} 44. e5 {[%clk 00:25:51]} {[%emt 00:00:15]} Rxe5
{[%clk 00:03:50]} {[%emt 00:00:22]} 45. Kg3 {[%clk 00:25:45]} {[%emt 00:00:11]}
Re3+ {[%clk 00:03:52]} {[%emt 00:00:03]} 46. Kf4 {[%clk 00:25:39]} {[%emt
00:00:12]} Rxc3 {[%clk 00:03:47]} {[%emt 00:00:09]} 47. Ke5 {[%clk 00:25:34]}
{[%emt 00:00:10]} Rc2 {[%clk 00:03:29]} {[%emt 00:00:23]} 48. Rg4 {[%clk
00:25:22]} {[%emt 00:00:17]} Bxg4 {[%clk 00:03:29]} {[%emt 00:00:05]} 49. hxg4
{[%clk 00:25:22]} {[%emt 00:00:04]} Rxg2 {[%clk 00:03:25]} {[%emt 00:00:10]}
50. Kd6 {[%clk 00:25:22]} {[%emt 00:00:05]} Rxg4 {[%clk 00:03:27]} {[%emt
00:00:02]} 0-1